Dewey decimal classification and relative index / (Record no. 7128)
[ view plain ]
| 000 -LEADER | |
|---|---|
| fixed length control field | 01460cam a2200469 i 4500 |
| 001 - CONTROL NUMBER | |
| JCCL Control Number | 7128 |
| 003 - CONTROL NUMBER IDENTIFIER | |
| JCCL marc code | BD-JhCC |
| 005 - DATE AND TIME OF LATEST TRANSACTION | |
| control field | 20180206130821.0 |
| 008 - FIXED-LENGTH DATA ELEMENTS--GENERAL INFORMATION | |
| fixed length control field | 110114t20112011ohu b 001 0 eng |
| 020 ## - INTERNATIONAL STANDARD BOOK NUMBER | |
| International Standard Book Number | 9781910608814 |
| 020 ## - INTERNATIONAL STANDARD BOOK NUMBER | |
| International Standard Book Number | 1910608815 |
| 020 ## - INTERNATIONAL STANDARD BOOK NUMBER | |
| International Standard Book Number | 9781910608807 |
| 020 ## - INTERNATIONAL STANDARD BOOK NUMBER | |
| International Standard Book Number | 1910608807 |
| 020 ## - INTERNATIONAL STANDARD BOOK NUMBER | |
| International Standard Book Number | 9781910608760 |
| 020 ## - INTERNATIONAL STANDARD BOOK NUMBER | |
| International Standard Book Number | 1910608769 |
| 020 ## - INTERNATIONAL STANDARD BOOK NUMBER | |
| International Standard Book Number | 9781910608791 |
| 020 ## - INTERNATIONAL STANDARD BOOK NUMBER | |
| International Standard Book Number | 1910608793 |
| 020 ## - INTERNATIONAL STANDARD BOOK NUMBER | |
| International Standard Book Number | 9781910608784 |
| 020 ## - INTERNATIONAL STANDARD BOOK NUMBER | |
| International Standard Book Number | 1910608785 |
| 035 ## - SYSTEM CONTROL NUMBER | |
| system control number | (BD-JhCC)7128 |
| 040 ## - CATALOGING SOURCE | |
| Original cataloging agency | DLC |
| Description conventions | rda |
| Transcribing agency | DLC |
| Modifying agency | ANL |
| -- | BD-JhCC |
| 041 ## - LANGUAGE CODE | |
| Language code of Book | eng |
| 082 04 - DEWEY DECIMAL CLASSIFICATION NUMBER | |
| Classification number | 025.431 |
| DDC Edition number | 23 |
| Author mark and Year | DEW 2011 |
| 100 1# - MAIN ENTRY--PERSONAL NAME | |
| Personal name | Dewey, Melvil, |
| Dates associated with a name | 1851-1931, |
| 245 10 - TITLE STATEMENT | |
| Title | Dewey decimal classification and relative index / |
| Statement of responsibility, etc | devised by Melvil Dewey. |
| 246 33 - VARYING FORM OF TITLE | |
| Title proper/short title | DDC23 |
| 246 33 - VARYING FORM OF TITLE | |
| Title proper/short title | DDC 23 |
| 250 ## - EDITION STATEMENT | |
| Edition statement | Edition 23 / |
| 260 ## - PUBLICATION, DISTRIBUTION, ETC. (IMPRINT) | |
| Place of publication, distribution, etc | Dublin, Ohio : |
| Name of publisher, distributor, etc | OCLC Online Computer Library Center, Inc., |
| Date of publication, distribution, etc | 2011 |
| 300 ## - PHYSICAL DESCRIPTION | |
| Pagination | 4 volumes ; |
| Dimensions | 24 cm |
| 504 ## - BIBLIOGRAPHY, ETC. NOTE | |
| Bibliography, etc | Includes bibliographical references and index. |
| 505 0# - FORMATTED CONTENTS NOTE | |
| Formatted contents note | volume 1. Manual ; Tables -- volume 2. Schedules 000-599 -- volume 3. Schedules 600-999 -- volume 4. Relative index. |
| 650 #0 - SUBJECT ADDED ENTRY--TOPICAL TERM | |
| Topical term or geographic name as entry element | Classification, Dewey decimal. |
| 700 1# - ADDED ENTRY--PERSONAL NAME | |
| Personal name | Mitchell, Joan S. |
| 700 1# - ADDED ENTRY--PERSONAL NAME | |
| Personal name | Beall, Julianne, |
| Dates associated with a name | 1946- |
| 700 1# - ADDED ENTRY--PERSONAL NAME | |
| Personal name | Green, Rebecca, |
| Dates associated with a name | 1952- |
| 700 1# - ADDED ENTRY--PERSONAL NAME | |
| Personal name | Martin, Giles, |
| 700 1# - ADDED ENTRY--PERSONAL NAME | |
| Personal name | Panzer, Michael, |
| Dates associated with a name | 1974- |
| 710 2# - ADDED ENTRY--CORPORATE NAME | |
| Corporate name or jurisdiction name as entry element | OCLC. |
| 942 ## - ADDED ENTRY ELEMENTS (KOHA) | |
| Source of classification or shelving scheme | Dewey Decimal Classification |
| Koha item type | Reference |
| Source of classification or shelving scheme | volume number | Damaged status | Not for loan | Home library | Current library | Shelving location | Cost, normal purchase price | Total Checkouts | Full call number | Barcode | Date last seen | Copy number | Koha item type |
|---|---|---|---|---|---|---|---|---|---|---|---|---|---|
| Dewey Decimal Classification | V - 1 | JCC Rouf Library | JCC Rouf Library | General Stacks | 625.00 | 025.431 DEW 2011 | 9723 | 02/05/2018 | C - 1 | Reference | |||
| Dewey Decimal Classification | V - 2 | JCC Rouf Library | JCC Rouf Library | General Stacks | 625.00 | 025.431 DEW 2011 | 9724 | 02/05/2018 | C - 2 | Reference | |||
| Dewey Decimal Classification | V - 3 | JCC Rouf Library | JCC Rouf Library | General Stacks | 625.00 | 025.431 DEW 2011 | 9725 | 02/05/2018 | C - 3 | Reference | |||
| Dewey Decimal Classification | V - 4 | JCC Rouf Library | JCC Rouf Library | 625.00 | 025.431 DEW 2011 | 9726 | 02/05/2018 | C - 4 | Reference |